[From government to governance? New governance for water and biodiversity in enlarged Europe]
Recenzia na monografiu autorského kolektívu pod vedením Tatiany Kluvánkovej-Oravskej, o vývoji environmentálnych stratégií. Smerovanie environmentálnej politiky (nielen) v strednej Európe.
Salvato in:
| Autore principale: | |
|---|---|
| Natura: | Capitolo di libro |
| Lingua: | slovacco |
| Soggetti: | |
| Tags: |
Nessun Tag, puoi essere il primo ad aggiungerne!!
|
MARC
| LEADER | 00000naa a2200000 4500 | ||
|---|---|---|---|
| 001 | 0143839 | ||
| 005 | 20231204092531.0 | ||
| 041 | 0 | |a slo | |
| 044 | |a SK | ||
| 245 | 1 | 0 | |a [From government to governance? New governance for water and biodiversity in enlarged Europe] |c Dagmar Petríková |
| 520 | |a Recenzia na monografiu autorského kolektívu pod vedením Tatiany Kluvánkovej-Oravskej, o vývoji environmentálnych stratégií. Smerovanie environmentálnej politiky (nielen) v strednej Európe. | ||
| 610 | 2 | 0 | |a recenzie |
| 610 | 2 | 0 | |a prostredie životné |
| 610 | 2 | 0 | |a politika verejná |
| 610 | 2 | 0 | |a politika sociálna |
| 610 | 2 | 0 | |a environmentalistika |
| 610 | 2 | 0 | |a Európa |
| 100 | 1 | |a Petríková, Dagmar | |